000
00248nam a2200097Ia 4500
008
170620s9999 xx 000 0 und d
100
_a
Kumar- Pradeep
245
0
_a
Origami Japanese art of Paper Folding-3
260
_b
Delhi : Indica Publishers
260
_c
1998
300
_a
20
999
_c
28022
_d
28022